Air distribution in buildings / (Record no. 599863)

000 -LEADER
fixed length control field 00310nam a2200121Ia 4500
008 - FIXED-LENGTH DATA ELEMENTS--GENERAL INFORMATION
fixed length control field 230907s9999||||xx |||||||||||||| ||und||
082 ## - DEWEY DECIMAL CLASSIFICATION NUMBER
Classification number 697.92
Author Mark KHA
100 ## - MAIN ENTRY--PERSONAL NAME
Personal name Khalil, E. E.
9 (RLIN) 115358
245 #0 - TITLE STATEMENT
Title Air distribution in buildings /
260 ## - PUBLICATION, DISTRIBUTION, ETC.
Place of publication, distribution, etc. CRC Press,
Date of publication, distribution, etc. 2014
300 ## - PHYSICAL DESCRIPTION
Extent xvii, 237 pages :
942 ## - ADDED ENTRY ELEMENTS (KOHA)
Koha item type Book
Holdings
Withdrawn status Lost status Damaged status Not for loan Permanent Location Current Location Date acquired Total Checkouts Full call number Barcode Date last seen Price effective from Koha item type
        US-Pakistan Center for Advanced Studies in Energy (USPCAS-E) US-Pakistan Center for Advanced Studies in Energy (USPCAS-E) 10/24/2019   697.92 KHA CAS-E0003962 09/12/2023 09/12/2023 Book
© 2023 Central Library, National University of Sciences and Technology. All Rights Reserved.